| 000 | 00980nam a2200253 a 4500 | ||
|---|---|---|---|
| 001 | 000025468 | ||
| 005 | 20200930023817.0 | ||
| 008 | 110216s1983 ag ad r 000 0 spa d | ||
| 020 | _a950518705X | ||
| 040 |
_aDO-SdBNP _bspa _cBNPHU |
||
| 041 | 1 | 7 |
_aspa _heng _2Código de idioma MARC |
| 082 |
_aNNN _bR188h |
||
| 100 | 1 |
_aRandall, Laura _952088 |
|
| 240 | 1 | 0 |
_aAn economic history of Argentina in the twentieth century. _lEspañol. |
| 245 | 1 | 0 |
_aHistoria económica de la Argentina en el siglo XX / _cLaura Randall ; traducción Lidia Espinosa de Matheu. |
| 260 |
_aBuenos Aires : _bAmorrortu, _c[1983?]. |
||
| 300 |
_a271, [2] p. : _bil., gráfs. ; _c23 cm. |
||
| 490 | 1 | _aBiblioteca de economía política | |
| 534 |
_aTítulo original _tAn economic history of Argentina in the twentieth century. |
||
| 504 | _aIncluye bibliografía (p. 263-271) | ||
| 700 | 1 |
_aEspinosa de Matheu, Lidia _etr. _952089 |
|
| 830 | 0 |
_aBiblioteca de economía política _949072 |
|
| 049 | _aBNGR | ||
| 999 |
_c24960 _d24960 |
||